| 000 | 00967nam a2200253 a 4500 | ||
|---|---|---|---|
| 001 | 000007047 | ||
| 005 | 20200929154044.0 | ||
| 008 | 090904s1997 xxu 001 m spa d | ||
| 020 | _a0761805494 | ||
| 040 |
_aDO-SdBNP _bspa _cBNPHU |
||
| 082 |
_aCu864.44 _bP615zV |
||
| 100 | 1 |
_aValerio Holguín, Fernando _919580 |
|
| 245 | 1 | 0 |
_aPoética de la frialdad : _bla narrativa de Virgilio Piñera / _cFernando Valerio Holguín. |
| 260 |
_aNew York, : _bUniversity Press of America, _c1997. |
||
| 300 |
_a112 p. ; _c22 cm. |
||
| 500 | _aIncluye datos biográficos del autor en la página 113. | ||
| 500 | _aIncluye índice onomástico y temático. | ||
| 504 | _aIncluye bibliografías (p. 97-105). | ||
| 650 | 4 |
_aPiñera, virgilio, _d1912 - 1979 _xEnsayos, conferencias, etc. _xCrítica e interpretación _919581 |
|
| 650 | 4 |
_aPoetas cubanos _xEnsayos, conferencias, etc. _919582 |
|
| 650 | 4 |
_aCuentos cubanos _91482 |
|
| 650 | 4 |
_aLiteratura cubana _91483 |
|
| 049 | _aBNPD | ||
| 999 |
_c6830 _d6830 |
||